000 00820nam a2200253Ia 4500
003 OSt
005 20221005133824.0
006 a|||||r|||| 00| 0
007 ta
008 221004b |||||||| |||| 00| 0 pan d
020 _a9789385446207 (hbk)
_cIndian Rupees 150
024 _a28570
037 _bGift, 15/02/2017,
_cTextual
040 _aCRL
_cCRL
_bpan
041 _2pan
_apan
082 _aO152,1H77:g, 153Q5
100 _aਰੰਜੂ ਬਾਲਾ, ਂਚ.
245 0 _aਭਗਤ ਰਵਿਦਾਸ ਬਾਣੀ
_b ਸੰਕਲਪ ਅਤੇ ਸਰੋਕਾਰ
260 _c2015
300 _a126ਪ0
_ccm.
650 _aਹਿੰਦੀ ਸਾਹਿਤ
942 _hO152,1H77:g, 153Q5
_cTEXL
_2cc
999 _c1067989
_d1067989